| 000 | 01713nam a2200349 a 4500 | ||
|---|---|---|---|
| 001 | 000044924 | ||
| 003 | OSt | ||
| 005 | 20210111135129.0 | ||
| 008 | 150119s2014 dr ac 000 0 spa d | ||
| 020 | _a9789945166354 | ||
| 040 |
_aDO-SdBNP _bspa _cBNPHU |
||
| 082 |
_a304.8729307294 _bP497g |
||
| 100 | 1 |
_aPetrozziello, Allison J. _963193 |
|
| 245 | 1 | 0 |
_aGénero y el riesgo de apatridia para la población de ascendencia haitiana en los bateyes de la República Dominicana / _cAllison J. Petrozziello, Amelia Hintzen y Juan Carlos González Díaz ; prólogo Bridget Wooding. |
| 260 |
_aSanto Domingo : _bOBMICA, _c2014. |
||
| 300 |
_a212 p. : _bil., retrs. ; _c26 cm. |
||
| 500 | _aIncluye biografía de autores | ||
| 500 | _aIncluye referencias bibliográficas y notas al pie de las páginas. | ||
| 504 | _aBibliografía : p. 187-205 | ||
| 505 | 0 |
_tUna mirada histórica a las mujeres en los bateyes de la República Dominicana -- _tTomando el pulso a la situación actual -- _tEstudio de caso: Experiencias de mujeres haitianas y domínico-haitianas en el acceso a la documentación |
|
| 590 | _aInventariado, 2018/VM | ||
| 650 | 4 |
_aMujeres en la República Dominicana _972937 |
|
| 650 | 4 |
_aInmigrantes _zRepública Dominicana _99478 |
|
| 650 | 4 |
_aHaitianas _zRepública Dominicana _972938 |
|
| 650 | 4 |
_aExtranjeros ilegales _zRepública Dominicana _972939 |
|
| 651 | 4 |
_aRepública Dominicana _xRelaciones Étnicas _92616 |
|
| 700 | 1 | 2 |
_aHintzen, Amelia _972940 |
| 700 | 1 | 2 |
_aGonzález Díaz, Juan Carlos _972941 |
| 710 | 2 | 2 |
_aCentro para la Observación Migratoria y el Desarrollo Social en el Caribe. (República Dominicana) _972942 |
| 910 | _aValidado. Control de calidad MFF | ||
| 942 |
_2ddc _cLBS1 |
||
| 999 |
_c44413 _d44413 |
||